"Przez oczy do duszy"

Titel: "Przez oczy do duszy" : Kościół pw. św. Ignacego Loyoli w Młyńcu. Stacja misyjna kolegium jezuickiego w Toruniu
Verfasser:
In: Album amicorum, (2008), Seite 353-374
alle Artikel anzeigen
Veröffentlicht: 2008
Format: Aufsatz
Sprache: Polnisch
Kein Bild verfügbar
X
alg: 39442329
001A    $01999:12-11-16 
001B    $01999:01-06-17 $t17:46:03.000 
001D    $01999:12-11-16 
001U    $0utf8 
001X    $00 
002@    $0Aox 
003@    $0394423291 
007A    $0394423291 $aHEB 
007T    $0Herdkk00042383 
010@    $apol 
011@    $a2008 
021A    $a"Przez oczy do duszy" $dKościół pw. św. Ignacego Loyoli w Młyńcu. Stacja misyjna kolegium jezuickiego w Toruniu 
028A    $aWawrzak $dM. 
031A    $h353-374 $j2008 
039B    $aIn $8--Aau--. Album amicorum. - Toruń : Wydawnictwo Naukowe Uniwersytetu Mikołaja Kopernika, 2008. - 407 S.. - Ill.. - ISBN 83-231-2205-9 $x200800000000000647 $9366207512 

lok: 39442329 78

exp: 39442329 78 1 #EPN
201B/01 $018-11-16 $t11:33:49.000 
201U/01 $0utf8 
203@/01 $0790533707 
208@/01 $a12-11-16 $be 
209A/01 $a/ $f000 $x00 
220C/01 $aHerkunft: PBB/IH PAN 
244Z/01 $2Trx $#Poola $#Lenkija $#Polija $#Polen Land $#Poland $#Lengyelország $#Poľsko $#Polsko $8--Trx--Polska$gkraj $x01 $9391345966 
244Z/01 $2Trx $#Prusy Wschodnie i Zachodnie $8--Trx--Ost- und Westpreußen $x02 $939113373X 
244Z/01 $2Trx $#jesuiitide koolid $#jėzuitų mokyklos $#Jesuit schools $#jezsuita iskolák $#szkolnictwo jezuickie $#školstvo jezuitské $#školství jezuitské $8--Trx--Jesuitenschulen $x03 $9391353594 
244Z/01 $2Trx $8--Trx--Einzelbeiträge $x04 $9391384570 
247C/01 $82080>Marburg/Lahn, Herder-Institut, Forschungsbibliothek, Bibliographieportal $9336309341
LEADER 00000caa a22000002c 4500
001 394423291
003 DE-603
005 20170601174603.0
007 tu
008 161112s2008 xx |||| | u00||u|pol c
035 |a (DE-599)HEB394423291 
040 |a DE-603  |b ger  |c DE-603  |d DE-603 
041 |a pol 
100 1 |a Wawrzak, M. 
245 0 0 |a "Przez oczy do duszy"  |b Kościół pw. św. Ignacego Loyoli w Młyńcu. Stacja misyjna kolegium jezuickiego w Toruniu 
264 0 |c 2008 
773 0 8 |i In  |t Album amicorum  |d Toruń : Wydawnictwo Naukowe Uniwersytetu Mikołaja Kopernika, 2008  |h 407 S., Ill.  |z 8323122059  |z 9788323122050  |g (2008), Seite 353-374  |w (DE-603)366207512 
924 0 |9 2080  |a (DE-603)790533707  |b DE-2080  |c HES  |d d  |g /